| 000 | 00751nam a22001817a 4500 | ||
|---|---|---|---|
| 003 | UA-OsUOA | ||
| 001 | 17803 | ||
| 007 | ta | ||
| 008 | 20040326b un ||||| |||| 00| 0 ukr d | ||
| 100 | _aКлименко М. | ||
| 942 | _cSA | ||
| 040 |
_aUA-OsUOA _cUA-OsUOA _dUA-OsUOA |
||
| 245 |
_aНа контролі - санітарний стан області _b[Колегія держ. санітар.-епідеміолог. служби в Рівнен. обл. санепідемстанції, на якій йшлося про санітар. ситуацію в обл.] |
||
| 300 | _aС.3 | ||
| 955 | _a0 | ||
| 773 | 0 |
_w0 _tВісті Рівненщини _dРівне _d2004 _g№24/12 берез./ |
|
| 650 | 7 |
_aКраєзнавча робота _2UDC |
|
| 999 |
_c303971 _d303971 |
||